Resource economics for foresters / (Record no. 11129)

MARC details
000 -LEADER
fixed length control field 01030pam a2200301 a 4500
001 - CONTROL NUMBER
control field 1949539
003 - CONTROL NUMBER IDENTIFIER
control field OSt
005 - DATE AND TIME OF LATEST TRANSACTION
control field 20211010100837.0
008 - FIXED-LENGTH DATA ELEMENTS--GENERAL INFORMATION
fixed length control field 870613s1987 nyua b 001 0 eng
010 ## - LIBRARY OF CONGRESS CONTROL NUMBER
LC control number 87016069
020 ## - INTERNATIONAL STANDARD BOOK NUMBER
International Standard Book Number 0471085219
040 ## - CATALOGING SOURCE
Original cataloging agency DLC
Transcribing agency HU
Modifying agency DLC
050 00 - LIBRARY OF CONGRESS CALL NUMBER
Classification number SD393
Item number .G74 1987
082 00 - DEWEY DECIMAL CLASSIFICATION NUMBER
Classification number 333.75
Edition number 19
100 1# - MAIN ENTRY--PERSONAL NAME
Personal name Gregory, G. Robinson,
Dates associated with a name 1915-
9 (RLIN) 11960
245 10 - TITLE STATEMENT
Title Resource economics for foresters /
Statement of responsibility, etc. G. Robinson Gregory.
260 ## - PUBLICATION, DISTRIBUTION, ETC.
Place of publication, distribution, etc. New York :
Name of publisher, distributor, etc. Wiley,
Date of publication, distribution, etc. c1987.
300 ## - PHYSICAL DESCRIPTION
Extent ix, 477 p. :
Other physical details ill. ;
Dimensions 24 cm.
500 ## - GENERAL NOTE
General note Includes index.
504 ## - BIBLIOGRAPHY, ETC. NOTE
Bibliography, etc. note Bibliography: p. 457-468.
650 #0 - SUBJECT ADDED ENTRY--TOPICAL TERM
Topical term or geographic name entry element Forests and forestry
General subdivision Economic aspects.
9 (RLIN) 9965
650 #0 - SUBJECT ADDED ENTRY--TOPICAL TERM
Topical term or geographic name entry element Forest products industry.
9 (RLIN) 9966
650 #0 - SUBJECT ADDED ENTRY--TOPICAL TERM
Topical term or geographic name entry element Forest management.
9 (RLIN) 11201
856 42 - ELECTRONIC LOCATION AND ACCESS
Materials specified Publisher description
Uniform Resource Identifier <a href="http://www.loc.gov/catdir/description/wiley033/87016069.html">http://www.loc.gov/catdir/description/wiley033/87016069.html</a>
856 4# - ELECTRONIC LOCATION AND ACCESS
Materials specified Table of Contents
Uniform Resource Identifier <a href="http://www.loc.gov/catdir/toc/onix05/87016069.html">http://www.loc.gov/catdir/toc/onix05/87016069.html</a>
906 ## - LOCAL DATA ELEMENT F, LDF (RLIN)
a 7
b cbc
c orignew
d 1
e ocip
f 19
g y-gencatlg
942 ## - ADDED ENTRY ELEMENTS (KOHA)
Source of classification or shelving scheme Dewey Decimal Classification
Koha item type Books like text book referance book
Suppress in OPAC No
Holdings
Withdrawn status Lost status Source of classification or shelving scheme Damaged status Not for loan Collection code Home library Current library Shelving location Date acquired Total Checkouts Full call number Barcode Date last seen Copy number Price effective from Koha item type
    Dewey Decimal Classification     Reference Wondo Genet Library Wondo Genet Library General Stacks 10/10/2021   333.75 GRE 1987 WGCFNRL00004103 10/10/2021 1 10/10/2021 Books like text book referance book
    Dewey Decimal Classification     Reference Wondo Genet Library Wondo Genet Library General Stacks 10/10/2021   333.75 GRE 1987 WGCFNRL00004104 10/10/2021 2 10/10/2021 Books like text book referance book
    Dewey Decimal Classification     Reference Wondo Genet Library Wondo Genet Library General Stacks 10/10/2021   333.75 GRE 1987 WGCFNRL00004105 10/10/2021 3 10/10/2021 Books like text book referance book
    Dewey Decimal Classification     Reference Wondo Genet Library Wondo Genet Library General Stacks 03/31/2022   333.75 GRE 1987 WGCFNRL00016174 03/31/2022 4 03/31/2022 Books like text book referance book
    Dewey Decimal Classification     Reference Wondo Genet Library Wondo Genet Library General Stacks 03/31/2022   333.75 GRE 1987 WGCFNRL00016189 03/31/2022 5 03/31/2022 Books like text book referance book
    Dewey Decimal Classification     Reference Wondo Genet Library Wondo Genet Library General Stacks 03/31/2022   333.75 GRE 1987 WGCFNRL00016190 03/31/2022 6 03/31/2022 Books like text book referance book
    Dewey Decimal Classification     Reference Wondo Genet Library Wondo Genet Library General Stacks 03/31/2022   333.75 GRE 1987 WGCFNRL00016191 03/31/2022 7 03/31/2022 Books like text book referance book
    Dewey Decimal Classification     Reference Wondo Genet Library Wondo Genet Library General Stacks 03/31/2022   333.75 GRE 1987 WGCFNRL00016192 03/31/2022 8 03/31/2022 Books like text book referance book
    Dewey Decimal Classification     Reference Wondo Genet Library Wondo Genet Library General Stacks 03/31/2022   333.75 GRE 1987 WGCFNRL00016193 03/31/2022 9 03/31/2022 Books like text book referance book